| 000 | 00341nam a2200145Ia 4500 | ||
|---|---|---|---|
| 008 | 230312s9999||||xx |||||||||||||| ||und|| | ||
| 020 | _a8189411993 | ||
| 082 |
_a004.16 _bGOD-I |
||
| 100 | _aGodse, A.P. | ||
| 245 | 0 | _aIntroduction to microprocessor | |
| 260 |
_bTechnical _aPune _c2007 |
||
| 546 | _aEng. | ||
| 650 | _aComputer | ||
| 942 | _cBK | ||
| 999 |
_c3420 _d3420 |
||